Welcome to CMRU - Online Public Access Catalogue (OPAC)

Big Book of Small Python Projects: 81 Easy Practice Programs (Record no. 10161)

MARC details
000 -LEADER
fixed length control field 00990nam a22002177a 4500
003 - CONTROL NUMBER IDENTIFIER
control field OSt
005 - DATE AND TIME OF LATEST TRANSACTION
control field 20260303144845.0
008 - FIXED-LENGTH DATA ELEMENTS--GENERAL INFORMATION
fixed length control field 260303b |||||||| |||| 00| 0 eng d
020 ## - INTERNATIONAL STANDARD BOOK NUMBER
International Standard Book Number 9781718501249
040 ## - CATALOGING SOURCE
Transcribing agency SoET Library
082 ## - DEWEY DECIMAL CLASSIFICATION NUMBER
Classification number 005.133 SWE
100 ## - MAIN ENTRY--PERSONAL NAME
Personal name Sweigart, Al
9 (RLIN) 3041
245 ## - TITLE STATEMENT
Title Big Book of Small Python Projects: 81 Easy Practice Programs
260 ## - PUBLICATION, DISTRIBUTION, ETC.
Place of publication, distribution, etc. San Francisco :
Name of publisher, distributor, etc. No Starch Press,
Date of publication, distribution, etc. 2021
300 ## - PHYSICAL DESCRIPTION
Extent xxvi, 403p. : ill
520 ## - SUMMARY, ETC.
Summary, etc. practice re-creating the programs and experiment by adding your own custom touches.<br/><br/>These simple, text-based programs are 256 lines of code or less. And whether it’s a vintage screensaver, a snail-racing game, a clickbait headline generator, or animated strands of DNA, each project is designed to be self-contained so you can easily share it online.<br/>
650 ## - SUBJECT ADDED ENTRY--TOPICAL TERM
Topical term or geographic name entry element Python (Computer program language)
9 (RLIN) 97
650 ## - SUBJECT ADDED ENTRY--TOPICAL TERM
Topical term or geographic name entry element Computer programming
9 (RLIN) 2221
650 ## - SUBJECT ADDED ENTRY--TOPICAL TERM
Topical term or geographic name entry element Computer games - Programming
9 (RLIN) 3042
942 ## - ADDED ENTRY ELEMENTS (KOHA)
Source of classification or shelving scheme Dewey Decimal Classification
Koha item type Books
Holdings
Date last seen Total Checkouts Full call number Barcode Bill date Copy number Price effective from Koha item type Lost status Source of classification or shelving scheme Damaged status Not for loan Withdrawn status Home library Current library Date acquired Source of acquisition Cost, normal purchase price BillNo
2026-03-03   005.133 SWE 008801 27-02-2026 1 2026-03-03 Reference Books   Dewey Decimal Classification       School of Engineering and Technology School of Engineering and Technology 2026-03-03 Educational Supplies 4594.00 61902, 27-02-2026
2026-03-03   005.133 SWE 008802 27-02-2026 2 2026-03-03 Books   Dewey Decimal Classification       School of Engineering and Technology School of Engineering and Technology 2026-03-03 Educational Supplies 4594.00 61902, 27-02-2026
2026-03-03   005.133 SWE 008803 27-02-2026 3 2026-03-03 Books   Dewey Decimal Classification       School of Engineering and Technology School of Engineering and Technology 2026-03-03 Educational Supplies 4594.00 61902, 27-02-2026
2026-03-03   005.133 SWE 008804 27-02-2026 4 2026-03-03 Books   Dewey Decimal Classification       School of Engineering and Technology School of Engineering and Technology 2026-03-03 Educational Supplies 4594.00 61902, 27-02-2026
2026-03-03   005.133 SWE 008805 27-02-2026 5 2026-03-03 Books   Dewey Decimal Classification       School of Engineering and Technology School of Engineering and Technology 2026-03-03 Educational Supplies 4594.00 61902, 27-02-2026
Designed and maintained by the Library and Information Centre, CMR University, Bengaluru.

VISITORS
web counter

 

Powered by Koha